Coupes du Monde de Football: Angleterre - Statistiques

Statistiques générales
  • Ce quiz a été pris 297 fois
    179 depuis la dernière actualisation
  • Le résultat moyen est 32 sur 42
Statistiques - réponses
Réponse % Correct
Brésil
99%
France
97%
Belgique
96%
RFA
96%
Allemagne
95%
Argentine
95%
Italie
95%
URSS
95%
Etats-Unis
94%
Espagne
92%
Uruguay
90%
Portugal
89%
Croatie
88%
Suède
87%
Suisse
84%
Colombie
82%
Pays-Bas
82%
Algérie
80%
Chili
79%
Mexique
79%
Maroc
76%
Pologne
76%
Tunisie
76%
Danemark
74%
Iran
74%
Costa Rica
72%
Irlande
72%
Panama
71%
Hongrie
70%
Tchécoslovaquie
68%
Cameroun
67%
Pays de Galles
67%
Equateur
63%
Paraguay
63%
Autriche
62%
Egypte
58%
Roumanie
57%
Bulgarie
55%
Nigeria
55%
Slovénie
45%
Koweït
24%
Trinité-et-Tobago
17%
Aucun quiz correspondant
Distribution des résultats
% des personnes avec chaque résultat
Percentile par nombre de réponses
Votre historique - résultats
Vous n’avez pas pris ce quiz depuis la dernière actualisation